| 000 | 00375nam a2200145 a 4500 | ||
|---|---|---|---|
| 005 | 20140414132105.0 | ||
| 008 | 100901s19uu xx 00 eng d | ||
| 050 |
_aFIC _bSt5 2009 |
||
| 100 | _aStilton, Geronimo | ||
| 245 | _aThea Stilton and the dragon's code. | ||
| 250 | _a | ||
| 260 |
_aNew York : _bScholastic, _c2009. |
||
| 440 | _aGeronimo Stilton | ||
| 999 |
_c114591 _d114591 |
||